| 000 | 00491nam a2200181 i 4500 | ||
|---|---|---|---|
| 001 | 32608 | ||
| 003 | ES-MaACL | ||
| 005 | 20231218194913.0 | ||
| 007 | t| | ||
| 008 | 030131s1928 sp ||||1| spa d | ||
| 100 | 1 |
_aBernal, Emilia, _d1884-1964 _928177 |
|
| 245 | 1 | 0 |
_aCuestiones cubanas, para América / _cEmilia Bernal. |
| 260 |
_aMadrid : _bG. Hernández, _c1928. |
||
| 300 |
_a316 p. ; _c18 cm. |
||
| 852 |
_aES-MaACL _jE-1133 |
||
| 852 |
_aES-MaACL _jB-5892 |
||
| 999 |
_c32608 _d32608 |
||